000 00869cab a2200265 4500
001 ABS49650
008 090401t1993 xxu||||| |||| 00| 0 eng d
035 _a(Sirsi) u72121
041 _aeng
100 _aMacneil, J.
245 _aCompulsory purchase
260 _c1993
350 _a0
490 _aBuilding
_v258(7819) 12 November 1993, 48-49(2)
520 _aWS Atkins` introduction of maintenance management software illustrates the effect CCT has had on council maintenance departments to use computers to streamline operations.
650 _aCOMPULSORY COMPETITIVE TENDERING
650 _aMAINTENANCE MANAGEMENT SOFTWARE
650 _aOXFORDSHIRE CC
650 _aPROMIS SOFTWARE
650 _aSOFTWARE PACKAGES
650 _aWS ATKINS
690 _aMANAGEMENT-BUSINESS MANAGEMENT-INFORMATION MANAGEMENT
942 _n0
948 _c04/03/1997
999 _c45515
_d45515